| 000 | 00770cam a22002535a 4500 | ||
|---|---|---|---|
| 001 | 18318636 | ||
| 005 | 20160515112211.0 | ||
| 008 | 140926t2016 moua frb 001 0 eng d | ||
| 020 | _a9781455776269 | ||
| 040 |
_aDNLM/DLC _cDLC _dDLC _dEG-ScBUE _beng |
||
| 082 | 0 | 4 |
_a616.9940231 _222 _bCOR |
| 245 | 0 | 0 |
_aCore curriculum for oncology nursing / _ceditor Joanne Itano ... [et al.] |
| 250 | _a5th ed. | ||
| 260 |
_aMissouri : _bElsevier, _cc.2016. |
||
| 300 |
_axx, 598 p. : _bill. ; _c28 cm. |
||
| 490 | 0 | _aOncology Nursing Society. | |
| 500 | _aIndex : p. 569-598. | ||
| 504 | _aIncludes bibliographical references. | ||
| 650 | 7 |
_aCancer _2BUEsh _xNursing. _939970 |
|
| 651 | _2BUEsh | ||
| 653 |
_bNNUR _cMay2016 |
||
| 700 | 1 |
_aItano, Joanne, _eeditor. |
|
| 942 | _2ddc | ||
| 999 |
_c21736 _d21708 |
||